Estudio de una periferia urbana : Santiago de Chile, 1850-1900

Este trabajo es sólo un avance de investigación o un capítulo que será incluido en esta obra de propósitos más amplios y que tendrá por objeto dar respuesta a las interrogantes sobre las que hemos trabajado durante estos últimos años. Por ahora intentaremos describir lo más exactamente posible, la d...

Full description

Bibliographic Details
Main Author: Ramón, Armando de 1927-2004
Format: Analitica de revista
Language:Spanish
Published: Santiago, Chile : Pontificia Universidad Católica de Chile, 1985.
Subjects:
Online Access:Acceso electrónico al documento

MARC

LEADER 00000cab a2200000 a 4500
001 024253
003 UAHC_CL
005 20220124174852.0
008 110603s1985 cl || || 000 s|spa
040 |a UAHC_CL  |c UAHC_CL  |d UAHC_CL 
100 |9 12958  |a Ramón, Armando de  |d 1927-2004 
245 |a Estudio de una periferia urbana :   |b  Santiago de Chile, 1850-1900   |c Armando De Ramón. 
260 |a Santiago, Chile :  |b Pontificia Universidad Católica de Chile,  |c 1985. 
300 |a p. 199-289 
500 |a En: Historia, vol., 2, no. 54. 1985. pp.199-289. ISSN: 07177194. 
520 |a Este trabajo es sólo un avance de investigación o un capítulo que será incluido en esta obra de propósitos más amplios y que tendrá por objeto dar respuesta a las interrogantes sobre las que hemos trabajado durante estos últimos años. Por ahora intentaremos describir lo más exactamente posible, la dinámica del avance de los bordes de la ciudad de Santiago durante los cincuenta años que transcurrieron entre 1850–1900. 
650 0 |9 1721  |a Desarrollo urbano   |z Chile  |z Santiago (comuna) 
651 0 |9 3494  |a Santiago (Chile)   |x Historia   |y Siglo 20 
856 |y Acceso electrónico al documento  |u http://revistahistoria.uc.cl/index.php/rhis/article/view/15697/12795 
942 |c REVA  |2 ddc 
952 |0 0  |1 0  |2 ddc  |4 0  |6 RECURSO_ELECTRÓNICO  |7 0  |8 COMP  |9 94926  |a BC  |b BC  |c Digital  |d 2022-01-24  |l 0  |o Recurso electrónico  |r 2022-01-24 00:00:00  |w 2022-01-24  |y REVA 
999 |c 59104  |d 59104